[Event "ECCC 2013"]
[Site "Rhodes"]
[Date "2013.10.23"]
[Round "4"]
[White "Ertl, Johann"]
[Black "Mamedov, Rauf"]
[Result "0-1"]
[WhiteElo "2258"]
[BlackElo "2641"]
[PlyCount "82"]
[EventDate "2013.10.20"]
[EventType "team"]
[EventRounds "7"]
[EventCountry "GRE"]
[WhiteTeam "Schachclub MPO Maria Saal"]
[BlackTeam "Odlar Yurdu"]

1. e4 c6 2. Nc3 g6 3. d4 Bg7 4. Be3 d5 5. Qd2 dxe4 6. Nxe4 Nd7 7. Nf3 Ngf6 8.
Nc3 O-O 9. Bh6 b5 10. Bxg7 Kxg7 11. Bd3 a6 12. Ne4 Bb7 13. O-O Qc7 14. Rfe1 c5
15. dxc5 Nxc5 16. Nxc5 Qxc5 17. Qf4 e6 18. Ng5 h6 19. Ne4 Bxe4 20. Bxe4 Rad8
21. Bd3 Rd4 22. Qe5 Qb6 23. Rad1 Rfd8 24. Qe3 Qc7 25. h3 Rb4 26. Qc1 Rf4 27. g3
Rfd4 28. Bf1 Qd6 29. Rxd4 Qxd4 30. Bd3 h5 31. Rd1 Qc5 32. Be2 Rxd1+ 33. Bxd1
Ne4 34. Qf4 f5 35. c3 e5 36. Qf3 Ng5 37. Qb7+ Kh6 38. Bf3 Nxh3+ 39. Kg2 Qxf2+
40. Kxh3 f4 41. Qxa6 Qxg3# 0-1

[Event "ECCC 2013"]
[Site "Rhodes"]
[Date "2013.10.23"]
[Round "4"]
[White "Karttunen, Mika"]
[Black "Jobava, Baadur"]
[Result "0-1"]
[WhiteElo "2445"]
[BlackElo "2694"]
[PlyCount "122"]
[EventDate "2013.10.20"]
[EventType "team"]
[EventRounds "7"]
[EventCountry "GRE"]
[WhiteTeam "Tammer-Shakki"]
[BlackTeam "PGMB-Rostov"]

1. Nf3 Nf6 2. d4 d6 3. Nc3 Nbd7 4. e4 e5 5. Bc4 Be7 6. a4 O-O 7. O-O c6 8. a5
Nxe4 9. Nxe4 d5 10. Ned2 e4 11. Be2 exf3 12. Nxf3 Re8 13. c3 Bd6 14. Bg5 f6 15.
Bh4 Nf8 16. Bg3 Ng6 17. Bxd6 Qxd6 18. Re1 Nf4 19. Bf1 Bg4 20. Re3 g5 21. Qb3
Rxe3 22. fxe3 Nh3+ 23. Kh1 Bh5 24. Qc2 Qe6 25. Ne1 Bg6 26. Bd3 Be4 27. Bxe4
Qxe4 28. Qxe4 Nf2+ 29. Kg1 Nxe4 30. Kf1 Re8 31. Ke2 Kf7 32. Nc2 a6 33. Rf1 h5
34. Ne1 Kg6 35. Kd3 c5 36. Nc2 c4+ 37. Ke2 Kf7 38. Ra1 h4 39. Ra4 h3 40. gxh3
Rh8 41. Kf3 Rxh3+ 42. Kg2 g4 43. Rb4 Kg6 44. Rxb7 Rf3 45. Nb4 Rf2+ 46. Kg1 Rxb2
47. Rb6 Rb1+ 48. Kg2 Rb2+ 49. Kg1 Kg5 50. Nxd5 Ra2 51. Rxa6 Kh4 52. Nxf6 Ra1+
53. Kg2 Ra2+ 54. Kg1 Nxc3 55. Rc6 g3 56. hxg3+ Kxg3 57. Nh5+ Kf3 58. a6 Ne4 59.
d5 c3 60. Nf4 Ra1+ 61. Kh2 Nf2 0-1

[Event "ECCC 2013"]
[Site "Rhodes"]
[Date "2013.10.23"]
[Round "4"]
[White "Cheparinov, Ivan"]
[Black "Mertanen, Janne"]
[Result "1-0"]
[WhiteElo "2672"]
[BlackElo "2350"]
[PlyCount "97"]
[EventDate "2013.10.20"]
[EventType "team"]
[EventRounds "7"]
[EventCountry "GRE"]
[WhiteTeam "PGMB-Rostov"]
[BlackTeam "Tammer-Shakki"]

1. Nf3 c5 2. c4 Nc6 3. Nc3 g6 4. e3 d6 5. d4 cxd4 6. exd4 Bg4 7. Be2 Bg7 8. O-O
Nh6 9. d5 Bxf3 10. Bxf3 Ne5 11. Be2 O-O 12. Bd2 Qb6 13. b3 Qd4 14. Rc1 Nf5 15.
Qc2 Qh4 16. Qe4 Qxe4 17. Nxe4 Nd4 18. Rfe1 Nxe2+ 19. Rxe2 h6 20. f4 Nd3 21. Rd1
f5 22. Nc3 Bf6 23. Be3 Bxc3 24. Rxd3 Bf6 25. Bf2 Kf7 26. Re6 Rg8 27. Rf3 Rgc8
28. a4 Rg8 29. Kf1 Rgc8 30. Ke2 Rg8 31. Kd3 Rgc8 32. h3 h5 33. Rfe3 Rc7 34. Re2
a6 35. Bb6 Rd7 36. a5 Rh8 37. Ke3 Rc8 38. Kf3 Rh8 39. g3 Rh7 40. Rh2 Rh8 41.
Kg2 Rg8 42. g4 g5 43. h4 gxf4 44. g5 Rg6 45. Kf3 Be5 46. Rxg6 Kxg6 47. Re2 e6
48. dxe6 Re7 49. c5 1-0

[Event "ECCC 2013"]
[Site "Rhodes"]
[Date "2013.10.23"]
[Round "4"]
[White "Koykka, Pekka"]
[Black "Smirnov, Pavel"]
[Result "0-1"]
[WhiteElo "2302"]
[BlackElo "2641"]
[PlyCount "70"]
[EventDate "2013.10.20"]
[EventType "team"]
[EventRounds "7"]
[EventCountry "GRE"]
[WhiteTeam "Tammer-Shakki"]
[BlackTeam "PGMB-Rostov"]

1. e4 c5 2. Nf3 d6 3. d4 cxd4 4. Nxd4 Nf6 5. Nc3 a6 6. Bg5 e6 7. f4 Be7 8. Qf3
Qc7 9. O-O-O Nbd7 10. f5 e5 11. Nb3 b5 12. a3 Bb7 13. h4 Rc8 14. Bd3 Nb6 15.
Bxf6 Bxf6 16. g4 h6 17. Qg2 Qd8 18. Qg3 Rxc3 19. bxc3 Na4 20. Nd2 Kd7 21. c4
Nc3 22. Rde1 Qa5 23. Nb1 Nxb1 24. Kxb1 Qxa3 25. cxb5 Bd5 26. Qe3 Rc8 27. Qa7+
Rc7 28. Qxa6 Qb4+ 29. Kc1 Bxh4 30. Rxh4 Qxe1+ 31. Kb2 Qc3+ 32. Kb1 Bxe4 33.
Bxe4 Qe1+ 34. Kb2 Qxe4 35. Rh2 Qd4+ 0-1

[Event "ECCC 2013"]
[Site "Rhodes"]
[Date "2013.10.23"]
[Round "4"]
[White "Penttinen, Jarkko"]
[Black "Popov, Ivan"]
[Result "0-1"]
[WhiteElo "2278"]
[BlackElo "2653"]
[PlyCount "136"]
[EventDate "2013.10.20"]
[EventType "team"]
[EventRounds "7"]
[EventCountry "GRE"]
[WhiteTeam "Tammer-Shakki"]
[BlackTeam "PGMB-Rostov"]

1. c4 Nf6 2. Nc3 e5 3. g3 Bb4 4. Bg2 O-O 5. d3 Re8 6. Bd2 Nc6 7. e3 Bxc3 8.
Bxc3 d5 9. cxd5 Nxd5 10. Ne2 Bg4 11. h3 Be6 12. O-O Qd7 13. Kh2 Rad8 14. d4
Nxc3 15. bxc3 Bd5 16. Bxd5 Qxd5 17. Qa4 Na5 18. e4 Qxe4 19. Qxa5 Qxe2 20. Qxc7
exd4 21. cxd4 Qe7 22. Qc4 h5 23. h4 b6 24. Rad1 Qe4 25. Rd2 Qd5 26. Qa4 Re7 27.
Kg1 Rd6 28. Qa3 Re4 29. Kh2 Rg6 30. Rg1 Rxd4 31. Rxd4 Qxd4 32. Qxa7 Qxf2+ 33.
Rg2 Qf3 34. Qb8+ Kh7 35. Qd8 Re6 36. Qd2 g6 37. Qf2 Qb7 38. Qd2 Rf6 39. Qb2 Rf5
40. Qe2 b5 41. Rf2 Rxf2+ 42. Qxf2 Qd5 43. a3 Kg8 44. Qe3 Qa2+ 45. Kg1 Qb2 46.
Qf3 Qd4+ 47. Kh2 Qd2+ 48. Kg1 Kf8 49. Qa8+ Ke7 50. Qf3 Qc1+ 51. Kh2 Qc2+ 52.
Kg1 Qc4 53. Qb7+ Kd6 54. Qb6+ Kd5 55. Qb7+ Kd4 56. Qa6 Kc3 57. Qa5+ Kb3 58. Qa7
Kb2 59. Kh2 Qc2+ 60. Kh3 Qb3 61. Qc5 f5 62. Qa7 f4 63. Qd4+ Kxa3 64. Qa1+ Kb4
65. Qd4+ Qc4 66. Qd6+ Kc3 67. Qe5+ Kc2 68. gxf4 b4 0-1

[Event "ECCC 2013"]
[Site "Rhodes"]
[Date "2013.10.23"]
[Round "4"]
[White "Zhigalko, Andrey"]
[Black "Cox, John J"]
[Result "1-0"]
[WhiteElo "2615"]
[BlackElo "2387"]
[PlyCount "65"]
[EventDate "2013.10.20"]
[EventType "team"]
[EventRounds "7"]
[EventCountry "GRE"]
[WhiteTeam "Minsk"]
[BlackTeam "Barbican 4NCL"]

1. d4 d5 2. c4 c6 3. Nc3 Nf6 4. e3 g6 5. Bd3 Bg7 6. h3 O-O 7. Nf3 c5 8. O-O Nc6
9. dxc5 dxc4 10. Bxc4 Qa5 11. e4 Qxc5 12. Qe2 e5 13. Nd5 Nxd5 14. Bxd5 Be6 15.
Be3 Nd4 16. Bxd4 exd4 17. Bxe6 fxe6 18. Rac1 Qd6 19. Rfd1 Rac8 20. e5 Qd5 21.
Rxc8 Rxc8 22. b3 Qa5 23. Rxd4 Rc1+ 24. Kh2 Qc7 25. Qb5 Qf7 26. Qd3 Ra1 27. Qd2
h6 28. Rd8+ Bf8 29. h4 Qe7 30. Ra8 Kh7 31. Rxa7 Bg7 32. Qe2 Rc1 33. Qe4 1-0

[Event "ECCC 2013"]
[Site "Rhodes"]
[Date "2013.10.23"]
[Round "4"]
[White "Ferguson, Mark"]
[Black "Kovalev, Vladislav"]
[Result "0-1"]
[WhiteElo "2414"]
[BlackElo "2563"]
[PlyCount "70"]
[EventDate "2013.10.20"]
[EventType "team"]
[EventRounds "7"]
[EventCountry "GRE"]
[WhiteTeam "Barbican 4NCL"]
[BlackTeam "Minsk"]

1. e4 e5 2. Nf3 Nc6 3. Nc3 Nf6 4. d4 exd4 5. Nxd4 Bb4 6. Nxc6 bxc6 7. Bd3 d5 8.
exd5 cxd5 9. O-O O-O 10. Bg5 c6 11. Qf3 Bd6 12. Rfe1 Rb8 13. Rab1 h6 14. Bxf6
Qxf6 15. Qxf6 gxf6 16. Ne2 c5 17. b3 Be6 18. Ng3 c4 19. Be2 Be5 20. Red1 Rfc8
21. Bf3 d4 22. Be4 d3 23. bxc4 Rxb1 24. Rxb1 d2 25. Nf1 Bxc4 26. Nxd2 Bxa2 27.
Rb4 a5 28. Ra4 Be6 29. f4 Bxf4 30. Nb3 Be3+ 31. Kf1 Rc4 32. Rxc4 Bxc4+ 33. Bd3
Bxd3+ 34. cxd3 a4 35. Na1 a3 0-1

[Event "ECCC 2013"]
[Site "Rhodes"]
[Date "2013.10.23"]
[Round "4"]
[White "Stupak, Kirill"]
[Black "Grafl, Florian"]
[Result "1-0"]
[WhiteElo "2487"]
[BlackElo "2379"]
[PlyCount "87"]
[EventDate "2013.10.20"]
[EventType "team"]
[EventRounds "7"]
[EventCountry "GRE"]
[WhiteTeam "Minsk"]
[BlackTeam "Barbican 4NCL"]

1. d4 c5 2. d5 e5 3. c4 d6 4. Nc3 Be7 5. g3 Nf6 6. Bg2 O-O 7. e4 Ne8 8. Nge2
Nd7 9. O-O a6 10. a4 b6 11. f4 Rb8 12. Qd3 Nc7 13. b3 Nf6 14. h3 Nfe8 15. Be3
Bd7 16. Qc2 Bf6 17. Nc1 b5 18. Ra2 bxc4 19. bxc4 Qc8 20. Kh2 Rb4 21. Nb1 a5 22.
Nd3 Na6 23. Bd2 Nec7 24. Bxb4 Nxb4 25. Nxb4 cxb4 26. c5 dxc5 27. Qxc5 Na6 28.
Qd6 exf4 29. gxf4 Bd4 30. Nd2 Nc5 31. Nf3 Nxe4 32. Qe7 Nc3 33. Nxd4 Nxa2 34.
Nc6 Nc3 35. Qc5 Bxc6 36. dxc6 Qc7 37. Re1 Nxa4 38. Qe5 Qb6 39. c7 Qf6 40. c8=Q
Qxe5 41. Qxf8+ Kxf8 42. Rxe5 Nc3 43. Rxa5 b3 44. Ra8+ 1-0

[Event "ECCC 2013"]
[Site "Rhodes"]
[Date "2013.10.23"]
[Round "4"]
[White "Chapman, Terry P D"]
[Black "Teterev, Vitaly"]
[Result "0-1"]
[WhiteElo "2331"]
[BlackElo "2506"]
[PlyCount "171"]
[EventDate "2013.10.20"]
[EventType "team"]
[EventRounds "7"]
[EventCountry "GRE"]
[WhiteTeam "Barbican 4NCL"]
[BlackTeam "Minsk"]

1. Nf3 Nf6 2. c4 g6 3. d4 Bg7 4. g3 O-O 5. Bg2 d6 6. O-O a6 7. Nc3 Nc6 8. d5
Na5 9. b3 c6 10. dxc6 Nxc6 11. Bb2 Rb8 12. Qc1 Qa5 13. Rd1 Be6 14. Qg5 b5 15.
cxb5 axb5 16. Qh4 Nh5 17. Ng5 Bxc3 18. Bxc3 Qxc3 19. Nxe6 fxe6 20. Rac1 Qb4 21.
Rxc6 Qxh4 22. gxh4 Rf4 23. Rc7 Kf8 24. Rdc1 Rd4 25. Rc8+ Rxc8 26. Rxc8+ Kf7 27.
Rb8 Rd2 28. e3 Rxa2 29. Bf3 Nf6 30. Rxb5 Nd7 31. Rb4 Rb2 32. Rf4+ Kg7 33. b4
Ne5 34. Bg4 Nd3 35. Rd4 Rxb4 36. Rxb4 Nxb4 37. Bxe6 Kf6 38. Bd7 e6 39. Kg2 Nd5
40. Kf3 Ne7 41. e4 d5 42. Ke3 dxe4 43. Kxe4 h5 44. Ba4 Nf5 45. f4 Nxh4 46. Bb3
Nf5 47. Ba2 Nh6 48. h3 Nf7 49. Bb3 Nd6+ 50. Kf3 Nb7 51. Ke3 Nc5 52. Bd1 Na6 53.
Be2 Nb4 54. Ke4 Nd5 55. Bf3 Ke7 56. Ke5 Nf6 57. Bc6 Ng8 58. Ba4 Nh6 59. Bd1
Nf7+ 60. Ke4 Kf6 61. Be2 Nd6+ 62. Ke3 Nf5+ 63. Kf2 e5 64. fxe5+ Kxe5 65. Bb5
Kf4 66. Be8 Ne7 67. Kg2 h4 68. Kf2 g5 69. Bd7 Nd5 70. Bc8 Ne3 71. Bd7 Nd1+ 72.
Ke2 Nc3+ 73. Kf2 Ne4+ 74. Kg2 Ke3 75. Bc8 Nf6 76. Bb7 Nh5 77. Bc8 Nf4+ 78. Kh2
Kf2 79. Bb7 Ne2 80. Bc6 Nd4 81. Bb7 Nf3+ 82. Kh1 Kg3 83. Bc8 Ne1 84. Bf5 Ng2
85. Bd7 Nf4 86. Kg1 0-1

[Event "ECCC 2013"]
[Site "Rhodes"]
[Date "2013.10.23"]
[Round "4"]
[White "Meribanov, Vitaly"]
[Black "Dorrington, Chris J"]
[Result "1-0"]
[WhiteElo "2404"]
[BlackElo "2313"]
[PlyCount "65"]
[EventDate "2013.10.20"]
[EventType "team"]
[EventRounds "7"]
[EventCountry "GRE"]
[WhiteTeam "Minsk"]
[BlackTeam "Barbican 4NCL"]

1. e4 c5 2. Nf3 e6 3. Nc3 d6 4. d4 cxd4 5. Nxd4 Nf6 6. Bd3 a6 7. O-O b5 8. a4
b4 9. Na2 Bb7 10. Qe2 d5 11. e5 Ne4 12. c3 bxc3 13. Nxc3 Nxc3 14. bxc3 Nd7 15.
Nxe6 Qb6 16. Nd4 Nc5 17. Rb1 Qc7 18. e6 Bd6 19. exf7+ Kxf7 20. Ba3 Rae8 21.
Qf3+ Kg8 22. Bxc5 Bxc5 23. Bc4 Re5 24. Ne6 Rxe6 25. Rxb7 Qxb7 26. Bxd5 Qf7 27.
Qh3 Kf8 28. Bxe6 Qf6 29. Bc4 Qc6 30. Qf5+ Ke8 31. Rd1 Bxf2+ 32. Kxf2 Qxc4 33.
Qe5+ 1-0

[Event "ECCC 2013"]
[Site "Rhodes"]
[Date "2013.10.23"]
[Round "4"]
[White "Lauterbach, Ingrid"]
[Black "Kocheev, Aleksandr"]
[Result "1/2-1/2"]
[WhiteElo "2123"]
[BlackElo "2388"]
[PlyCount "43"]
[EventDate "2013.10.20"]
[EventType "team"]
[EventRounds "7"]
[EventCountry "GRE"]
[WhiteTeam "Barbican 4NCL"]
[BlackTeam "Minsk"]

1. e4 Nf6 2. Nc3 e5 3. g3 d5 4. exd5 Nxd5 5. Bg2 Nxc3 6. bxc3 Bc5 7. d3 O-O 8.
Nf3 e4 9. Ng5 exd3 10. cxd3 Re8+ 11. Be4 h6 12. Qh5 Qf6 13. O-O hxg5 14. Bh7+
Kf8 15. Bxg5 Qxc3 16. Rac1 Qe5 17. Rxc5 Qxc5 18. Be4 f5 19. Qh8+ Kf7 20. Qh5+
Kf8 21. Qh8+ Kf7 22. Qh5+ 1/2-1/2

[Event "ECCC 2013"]
[Site "Rhodes"]
[Date "2013.10.23"]
[Round "4"]
[White "Papaioannou, Ioannis"]
[Black "Ikonnikov, Vyacheslav"]
[Result "1/2-1/2"]
[WhiteElo "2633"]
[BlackElo "2564"]
[PlyCount "95"]
[EventDate "2013.10.20"]
[EventType "team"]
[EventRounds "7"]
[EventCountry "GRE"]
[WhiteTeam "Peristeri"]
[BlackTeam "En Passant"]

1. d4 Nf6 2. c4 e6 3. g3 Bb4+ 4. Nd2 d5 5. Bg2 O-O 6. Ngf3 b6 7. O-O Bb7 8. Ne5
Nbd7 9. Qa4 Bd6 10. Nxd7 Qxd7 11. Qxd7 Nxd7 12. cxd5 Bxd5 13. e4 Bb7 14. Rd1
Be7 15. Nc4 Rfd8 16. Be3 Nf6 17. f3 Rac8 18. Rab1 a5 19. Rbc1 Nd7 20. Bh3 g6
21. g4 g5 22. Bf1 h6 23. Be2 Bf6 24. Kf2 Nb8 25. e5 Be7 26. f4 gxf4 27. Bxf4
Bg5 28. Bxg5 hxg5 29. Ne3 Kg7 30. Rc3 c5 31. dxc5 Rxd1 32. Bxd1 Nd7 33. cxb6
Rxc3 34. bxc3 Nxe5 35. Be2 Kf6 36. Kg3 Ke7 37. Nc4 Nxc4 38. Bxc4 Kd6 39. h4
gxh4+ 40. Kxh4 Kc5 41. Bb3 Kxb6 42. Kg5 Bf3 43. Kf4 Be2 44. g5 Kb5 45. Ke3 Bf1
46. a3 Kc5 47. Ke4 Bc4 48. Bxc4 1/2-1/2

[Event "ECCC 2013"]
[Site "Rhodes"]
[Date "2013.10.23"]
[Round "4"]
[White "Nijboer, Friso"]
[Black "Banikas, Hristos"]
[Result "1/2-1/2"]
[WhiteElo "2528"]
[BlackElo "2630"]
[PlyCount "107"]
[EventDate "2013.10.20"]
[EventType "team"]
[EventRounds "7"]
[EventCountry "GRE"]
[WhiteTeam "En Passant"]
[BlackTeam "Peristeri"]

1. e4 c5 2. Nf3 d6 3. d4 cxd4 4. Nxd4 Nf6 5. Nc3 a6 6. Be3 Ng4 7. Bg5 h6 8. Bh4
g5 9. Bg3 Bg7 10. Qd2 Nc6 11. Nb3 f5 12. exf5 Bxf5 13. Be2 Rc8 14. O-O O-O 15.
Bxg4 Bxg4 16. f4 gxf4 17. Bxf4 Kh7 18. Nd5 Bf5 19. c3 Bg6 20. Rae1 e5 21. Be3
Qh4 22. Bf2 Qh5 23. Bg3 Qg5 24. Ne3 Rxf1+ 25. Rxf1 Rd8 26. Qe1 Rf8 27. Rxf8
Bxf8 28. Bh4 Qf4 29. Nd5 Qf7 30. Qd2 Bg7 31. Ne3 Qe6 32. Nc1 Be4 33. b3 d5 34.
Ne2 d4 35. Nd1 Qg6 36. Ng3 Bb1 37. cxd4 exd4 38. Nf2 Qe6 39. Nf1 Bg6 40. h3 Qf5
41. Ng4 h5 42. Ngh2 Bh6 43. Qe1 Qe4 44. Qf2 Be3 45. Nxe3 dxe3 46. Qg3 Qb1+ 47.
Qe1 Nb4 48. Nf3 Nxa2 49. Qxb1 Bxb1 50. Bg5 Nc1 51. Nd4 Ba2 52. Bxe3 Nxb3 53.
Nxb3 Bxb3 54. g4 1/2-1/2

[Event "ECCC 2013"]
[Site "Rhodes"]
[Date "2013.10.23"]
[Round "4"]
[White "Halkias, Stelios"]
[Black "Bosboom, Manuel"]
[Result "0-1"]
[WhiteElo "2568"]
[BlackElo "2390"]
[PlyCount "111"]
[EventDate "2013.10.20"]
[EventType "team"]
[EventRounds "7"]
[EventCountry "GRE"]
[WhiteTeam "Peristeri"]
[BlackTeam "En Passant"]

1. Nf3 g6 2. d4 Nf6 3. g3 Bg7 4. Bg2 O-O 5. O-O d6 6. Nc3 Nbd7 7. e4 e5 8. Re1
b6 9. h3 Bb7 10. d5 a5 11. Bg5 h6 12. Be3 Nc5 13. Nh2 Kh7 14. a4 Qd7 15. Qe2
Ba6 16. Qd2 Rae8 17. h4 h5 18. Bxc5 dxc5 19. Nf3 Bh6 20. Qd1 Re7 21. Ng5+ Kg7
22. Bh3 Qd6 23. Bf1 c4 24. Be2 Qc5 25. Kg2 Rd8 26. Bf3 Bxg5 27. hxg5 Nh7 28.
Qd2 Qd4 29. Qxd4 exd4 30. Ne2 c5 31. dxc6 Nxg5 32. Rad1 Bc8 33. Ng1 Rc7 34. e5
Bg4 35. Rd2 Nxf3 36. Nxf3 Bxf3+ 37. Kxf3 Rxc6 38. Red1 c3 39. bxc3 Rxc3+ 40.
Ke4 Rc4 41. Rxd4 Rxa4 42. c3 Raxd4+ 43. cxd4 b5 44. Kd3 g5 45. f4 Kg6 46. Rc1
h4 47. Rc6+ Kh5 48. gxh4 gxh4 49. Ke4 h3 50. d5 Kg4 51. f5 b4 52. e6 b3 53. Rc1
b2 54. Rg1+ Kh4 55. e7 Rb8 56. Kd4 0-1

[Event "ECCC 2013"]
[Site "Rhodes"]
[Date "2013.10.23"]
[Round "4"]
[White "Vedder, Henk"]
[Black "Tzermiadianos, Andreas"]
[Result "1/2-1/2"]
[WhiteElo "2367"]
[BlackElo "2436"]
[PlyCount "81"]
[EventDate "2013.10.20"]
[EventType "team"]
[EventRounds "7"]
[EventCountry "GRE"]
[WhiteTeam "En Passant"]
[BlackTeam "Peristeri"]

1. e4 c5 2. Nf3 Nc6 3. Bb5 g6 4. O-O Bg7 5. Bxc6 dxc6 6. d3 e5 7. Be3 Qe7 8.
Nbd2 Bg4 9. h3 Bxf3 10. Qxf3 Nf6 11. Bg5 Qe6 12. Bxf6 Bxf6 13. Nc4 b5 14. Ne3
O-O 15. a4 a6 16. b3 Bg5 17. Ra3 c4 18. bxc4 Bxe3 19. Qxe3 bxc4 20. d4 exd4 21.
Qxd4 Rad8 22. Qe3 c5 23. Re1 Rd4 24. e5 Rfd8 25. Qg5 Rd1 26. Rxd1 Rxd1+ 27. Kh2
Kg7 28. Rf3 h6 29. Qg3 Rd5 30. Rf6 Qxe5 31. Rxa6 Qxg3+ 32. Kxg3 Rd2 33. Rc6
Rxc2 34. Rxc5 c3 35. a5 Rc1 36. a6 Ra1 37. Rxc3 Rxa6 38. Rb3 h5 39. h4 Ra4 40.
f3 Rc4 41. Ra3 1/2-1/2

[Event "ECCC 2013"]
[Site "Rhodes"]
[Date "2013.10.23"]
[Round "4"]
[White "Sandalakis, Angelos"]
[Black "Vedder, Richard"]
[Result "1/2-1/2"]
[WhiteElo "2394"]
[BlackElo "2257"]
[PlyCount "124"]
[EventDate "2013.10.20"]
[EventType "team"]
[EventRounds "7"]
[EventCountry "GRE"]
[WhiteTeam "Peristeri"]
[BlackTeam "En Passant"]

1. d4 d5 2. c4 dxc4 3. Nf3 a6 4. e3 b5 5. a4 Bb7 6. b3 cxb3 7. axb5 axb5 8.
Rxa8 Bxa8 9. Bxb5+ Nd7 10. Ba3 c6 11. Bc4 Qb6 12. O-O Ngf6 13. Nc3 e6 14. Qa1
Be7 15. Na4 b2 16. Nxb2 Qc7 17. Rc1 c5 18. Bxc5 Bxf3 19. gxf3 Nxc5 20. Bb5+
Nfd7 21. Bxd7+ Qxd7 22. dxc5 O-O 23. c6 Qc7 24. Qa4 Rc8 25. Nd3 g6 26. f4 Bd6
27. Qd4 Rd8 28. Qe4 Qe7 29. Ne5 Bc7 30. Nd7 Qh4 31. Qg2 Ra8 32. Qg5 Qh3 33. Ne5
h6 34. Qf6 Bxe5 35. fxe5 Qg4+ 36. Kh1 Qe4+ 37. Kg1 Qg4+ 38. Kf1 Qh3+ 39. Ke1
Qxh2 40. Rc2 Qh1+ 41. Ke2 Qe4 42. Kd2 Qd5+ 43. Ke2 Rd8 44. Rc1 Qd2+ 45. Kf3 Rc8
46. c7 Qxc1 47. Qd8+ Rxd8 48. cxd8=Q+ Kh7 49. Qf8 Qc7 50. Kg2 g5 51. Kh3 h5 52.
f3 Qb7 53. Kg3 Qa7 54. Kg2 g4 55. fxg4 hxg4 56. Kf2 Qb7 57. e4 Qb2+ 58. Ke3
Qc1+ 59. Kf2 Qf4+ 60. Kg2 Qf3+ 61. Kg1 g3 62. Qh6+ Kxh6 1/2-1/2

[Event "ECCC 2013"]
[Site "Rhodes"]
[Date "2013.10.23"]
[Round "4"]
[White "De Graaf, Dick"]
[Black "Mihailidis, Anastacios"]
[Result "1/2-1/2"]
[WhiteElo "2199"]
[BlackElo "2279"]
[PlyCount "136"]
[EventDate "2013.10.20"]
[EventType "team"]
[EventRounds "7"]
[EventCountry "GRE"]
[WhiteTeam "En Passant"]
[BlackTeam "Peristeri"]

1. e4 e5 2. Nc3 Nf6 3. f4 d5 4. fxe5 Nxe4 5. Nf3 Bg4 6. d4 Bb4 7. Bd2 Bxf3 8.
Qxf3 Nxd2 9. Kxd2 Nc6 10. Bb5 Qg5+ 11. Kd1 O-O 12. Bxc6 bxc6 13. a3 Ba5 14. b4
Bb6 15. h4 Qh6 16. Ne2 f6 17. e6 Rfe8 18. Qf5 a5 19. Rb1 Re7 20. Rf1 axb4 21.
axb4 Qxh4 22. Kd2 Qg5+ 23. Qxg5 fxg5 24. c3 Ra2+ 25. Kd3 Rxe6 26. Rf2 g6 27.
Rbf1 Ra8 28. Ng1 Rae8 29. Re2 g4 30. Rxe6 Rxe6 31. Ne2 Kg7 32. g3 g5 33. Rh1
Rf6 34. Rh2 Rf3+ 35. Kd2 Kg6 36. Rg2 h5 37. Ng1 Rf8 38. Rh2 Rf1 39. Ne2 Rf3 40.
Rh1 Rf2 41. Ke1 Rf3 42. Kd2 Rf8 43. Rh2 Ba7 44. Nc1 c5 45. dxc5 c6 46. Ne2 Bb8
47. Rg2 Be5 48. Nc1 Rf3 49. Nd3 Bxg3 50. Re2 Rf6 51. b5 cxb5 52. Nb4 h4 53.
Nxd5 h3 54. Nxf6 Kxf6 55. c6 h2 56. Rf2+ Ke6 57. Rf1 Bf2 58. c7 Kd7 59. Ke2 g3
60. Kf3 Kxc7 61. Kg2 Kc6 62. Rb1 Kc5 63. Rb4 Be1 64. Rg4 Bxc3 65. Rxg5+ Kc4 66.
Rxg3 b4 67. Rg4+ Bd4 68. Rg8 Be5 1/2-1/2

[Event "ECCC 2013"]
[Site "Rhodes"]
[Date "2013.10.23"]
[Round "4"]
[White "Dambacher, Martijn"]
[Black "Efimov, Igor"]
[Result "1/2-1/2"]
[WhiteElo "2493"]
[BlackElo "2380"]
[PlyCount "80"]
[EventDate "2013.10.20"]
[EventType "team"]
[EventRounds "7"]
[EventCountry "GRE"]
[WhiteTeam "SK 47 Eynatten"]
[BlackTeam "Cercle d'Echecs de Monte-Carlo"]

1. d4 e6 2. c4 c5 3. d5 exd5 4. cxd5 d6 5. e4 g6 6. Bd2 Bg7 7. Bc3 Nf6 8. Bd3
O-O 9. Nd2 Qe7 10. Ne2 Nbd7 11. O-O Ne5 12. Bc2 b5 13. a3 a5 14. f4 Neg4 15.
Rf3 Nxd5 16. Bxg7 Kxg7 17. exd5 Ne3 18. Qc1 Nxc2 19. Qxc2 Qxe2 20. Qc3+ Kg8 21.
Re3 b4 22. Rxe2 bxc3 23. bxc3 Ba6 24. Re7 Rab8 25. Ne4 Bd3 26. Nxd6 Rbd8 27.
Rd1 Bc2 28. Rd2 Rxd6 29. Rxc2 Rxd5 30. Ra7 c4 31. Rc7 Rd1+ 32. Kf2 Ra1 33. Rxc4
Rxa3 34. Rc7 Rb3 35. Ra7 Rc8 36. Rxa5 Rbxc3 37. Rxc3 Rxc3 38. Ra7 Kg7 39. h4
Rc2+ 40. Kf3 Rc3+ 1/2-1/2

[Event "ECCC 2013"]
[Site "Rhodes"]
[Date "2013.10.23"]
[Round "4"]
[White "Koch, Thomas"]
[Black "Meylan, Andre"]
[Result "1/2-1/2"]
[WhiteElo "2437"]
[BlackElo "2159"]
[PlyCount "98"]
[EventDate "2013.10.20"]
[EventType "team"]
[EventRounds "7"]
[EventCountry "GRE"]
[WhiteTeam "SK 47 Eynatten"]
[BlackTeam "Cercle d'Echecs de Monte-Carlo"]

1. d4 e6 2. c4 Nf6 3. Nf3 b6 4. g3 Bb7 5. Bg2 Be7 6. O-O O-O 7. Nc3 Ne4 8. Bd2
f5 9. d5 Bf6 10. Rc1 Na6 11. Be1 Nac5 12. Nd4 Qe7 13. b3 a6 14. e3 Qf7 15. Nde2
Rad8 16. b4 Nxc3 17. Bxc3 Ne4 18. Bxf6 Qxf6 19. Qd3 c6 20. Nc3 cxd5 21. cxd5
Rc8 22. Bxe4 fxe4 23. Qd2 Rc4 24. dxe6 Qxe6 25. Ne2 d5 26. Nf4 Qf5 27. h4 h6
28. h5 Rfc8 29. Rfd1 Kh7 30. Rxc4 dxc4 31. Qc3 b5 32. Rd6 Rc6 33. Qd4 Rxd6 34.
Qxd6 Qf6 35. Qxf6 gxf6 36. Kf1 f5 37. Ke1 Kg7 38. Kd2 Kf6 39. Nh3 Bc6 40. a3
Be8 41. Nf4 Bf7 42. Ne2 Bxh5 43. Nc3 Ke5 44. Ke1 Be8 45. Kd2 Bc6 46. Ne2 Bd7
47. Nc3 Bc6 48. Ne2 Bd7 49. Nc3 Bc6 1/2-1/2

[Event "ECCC 2013"]
[Site "Rhodes"]
[Date "2013.10.23"]
[Round "4"]
[White "Ribbegren, Karl Johan"]
[Black "Polaczek, Richard"]
[Result "0-1"]
[WhiteElo "2157"]
[BlackElo "2427"]
[PlyCount "72"]
[EventDate "2013.10.20"]
[EventType "team"]
[EventRounds "7"]
[EventCountry "GRE"]
[WhiteTeam "Cercle d'Echecs de Monte-Carlo"]
[BlackTeam "SK 47 Eynatten"]

1. Nf3 Nf6 2. g3 d5 3. c4 dxc4 4. Bg2 e6 5. O-O Nbd7 6. Qa4 c5 7. Qxc4 b6 8.
Nc3 Bb7 9. Rd1 a6 10. a4 Rc8 11. d4 Nd5 12. Bg5 Be7 13. e4 Nxc3 14. Bxe7 cxd4
15. Bxd8 Rxc4 16. bxc3 Kxd8 17. cxd4 f6 18. d5 Nc5 19. a5 b5 20. Nd4 Rxd4 21.
Rxd4 Nb3 22. Rad1 Nxd4 23. dxe6 Ke7 24. Rxd4 Bc8 25. f4 Bxe6 26. e5 fxe5 27.
fxe5 Rd8 28. Rxd8 Kxd8 29. Bb7 b4 30. Be4 g6 31. Kf2 b3 32. Ke3 b2 33. g4 Bxg4
34. Kd2 Bf5 35. Bxf5 gxf5 36. Kc2 f4 0-1

[Event "ECCC 2013"]
[Site "Rhodes"]
[Date "2013.10.23"]
[Round "4"]
[White "Coenen, Norbert"]
[Black "Meylan, Pierre"]
[Result "1/2-1/2"]
[WhiteElo "2316"]
[BlackElo "2060"]
[PlyCount "113"]
[EventDate "2013.10.20"]
[EventType "team"]
[EventRounds "7"]
[EventCountry "GRE"]
[WhiteTeam "SK 47 Eynatten"]
[BlackTeam "Cercle d'Echecs de Monte-Carlo"]

1. e4 c6 2. d4 d5 3. Nc3 dxe4 4. Nxe4 Nf6 5. Nxf6+ gxf6 6. Nf3 Bf5 7. Bd3 Bg6
8. Bf4 e6 9. Qd2 Bd6 10. Bg3 Qc7 11. O-O-O Nd7 12. Bxd6 Qxd6 13. Qa5 Nb6 14.
Rhe1 O-O-O 15. h4 Qd5 16. Qxd5 Rxd5 17. b3 Bh5 18. Be2 Rg8 19. g3 Kc7 20. Ng1
Bxe2 21. Rxe2 Rgd8 22. Red2 Rf5 23. Nh3 Nd5 24. Kb2 b5 25. c3 Nb6 26. Kc2 a5
27. Rd3 Rfd5 28. Rf3 Nd7 29. Nf4 Rd6 30. Nd3 Rg8 31. Nb2 Rg4 32. a4 f5 33. axb5
cxb5 34. Nd3 Re4 35. Nf4 Nf6 36. Rfd3 Nd5 37. Nxd5+ Rxd5 38. R1d2 Re1 39. Re3
Ra1 40. Kb2 Rf1 41. c4 bxc4 42. bxc4 Rd6 43. Ra3 Rb6+ 44. Kc3 Rc1+ 45. Rc2
Rxc2+ 46. Kxc2 Rb4 47. Rxa5 Rxc4+ 48. Kd3 Rb4 49. Ra8 Kd6 50. Ra7 Rb3+ 51. Kc4
Rb2 52. Rxf7 Rxf2 53. Rxh7 Rc2+ 54. Kd3 Ra2 55. Ke3 Ra3+ 56. Kf4 Rd3 57. h5
1/2-1/2